| 000 | 00462nam a22001577a 4500 | ||
|---|---|---|---|
| 003 | MPLRDC | ||
| 005 | 20220104142810.0 | ||
| 008 | 210129b ||||| |||| 00| 0 eng d | ||
| 082 | _a051.53887 ND-2 1992 | ||
| 100 | _a南大全球校友联欢会筹委会 | ||
| 245 |
_a南洋大学全球校友联欢会特刊 _c |
||
| 260 |
_a _b南大全球校友联欢会筹委会 _c1992 |
||
| 300 | _b平 | ||
| 650 | _a学术纪要、学刊 | ||
| 942 |
_cBK _o051.53887 ND-2 1992 |
||
| 999 |
_c33802 _d33792 |
||